Revista de derecho laboral 2012 - 1 : derechos y deberes de las partes - I /

Guardado en:
Formato: Libro
Idioma:Spanish
Publicado: Santa Fe : Rubinzal - Culzoni, 2012.
Edición:1a ed.
Materias:
Etiquetas: Agregar Etiqueta
Sin Etiquetas, Sea el primero en etiquetar este registro!
LEADER 00584nam a22001695a 4500
001 DER.der013092
008 180615s2012####ag#||||||||||||||#||spa||
005 20250602141712.0
245 1 0 |a Revista de derecho laboral 2012 - 1 :  |b derechos y deberes de las partes - I /  |c dirigido por Mario E. Ackerman, y Valentín Rubio. 
250 |a 1a ed. 
260 |a Santa Fe :  |b Rubinzal - Culzoni,  |c 2012. 
300 |a 516 p. 
020 |a 9789873002939 
100 1 |a Ackerman, Mario E.,  |e dir. 
700 1 |a Rubio, Valentín,  |e dir. 
650 7 |a DERECHO LABORAL 
859 |a DERECHO  |b BIB. DERECHO  |h 344.01  |i REV  |p 007031